| 000 | 00757nas a2200241Ia 4500 | ||
|---|---|---|---|
| 001 | R415/38263 | ||
| 003 | IT-RoPAU | ||
| 008 | 151124c99999999xx |||||||||||| ||und|| | ||
| 040 | _aIT-RoPAU | ||
| 040 | _cIT-RoPAU | ||
| 041 | _aFRANCESE | ||
| 100 |
_aFoures Henri _gCodice Aut. SPICS: 24290 |
||
| 210 | _aMUSIQUE EN JEU | ||
| 222 | _aMusique En Jeu | ||
| 245 |
_aMUSIQUE EN JEU (32) BRUITS DE FOND _bMusiciens "Entre Les Musiques" Ou Comment Vivre En Dehors De la "Mode" Musicale |
||
| 250 | _a1a ed. | ||
| 260 |
_aPARIS _bSEUIL _c1978 |
||
| 501 |
_bPaulus - SPICS - Società San Paolo EM (non-commercial uses only) _cCopyright2015 |
||
| 300 | _a6 p. [109-114] | ||
| 362 | _aVOL.32, | ||
| 650 |
_aMUSICA _vPUBBLICAZIONE PERIODICA |
||
| 942 | _cCR | ||
| 999 |
_c185509 _d185509 |
||